00961cam a2200253 a 450000100100000000500170001000800410002703500190006804000250008708200200011210000500013224500910018226000770027330000210035049000210037165000240039265000380041670000460045483000260050091000340052604900090056095201230056999900150069200000941020200929161602.0910925s1989 cu 000 f spa  a(DLC) 91198915 aDO-SdBNPcDLCdBNPHU aCu863.44bA473f1 aÁlvarez de los Rios, Tomás,d1918-92419614aLas Farfanes /cTomás Álvarez de los Rios ; edición Miriam Ocaña Santiesteban. aCiudad de La Habana :bUnión de Escritores y Artistas de Cuba,cc1989. a311 p. ;c19 cm.1 aContemporáneos 4aNovela cubana92316 4aLiteratura cubanaySIGLO XX991861 aOcaña Santiestebam, Miriam,eed.924197 0aContemporaneos.96941 aCatalogación por copia / LC aBNGR 001052708MOaGRbGRcCTd2009-09-29iLF1l0oCu863.44 A473fp9410-10r2020-06-25w2020-06-25y2ZPréstamo interno c9170d9170